| 000 | 00733nam a22002177a 4500 | ||
|---|---|---|---|
| 005 | 20180711145145.0 | ||
| 010 | _aENG-123444 | ||
| 020 |
_c2495.00 _a9780199480135 |
||
| 035 | _aEN-106976 | ||
| 037 | _bDBAD/PUB. | ||
| 082 | _a355.02170954 | ||
| 245 |
_aThe Oxford Handbook of india's national security / _ced. by Sumit Ganguly; Nicolas blarel [and] Manjeet S. Pardesi |
||
| 260 |
_aNew Delhi _bOxford University Press _c2018 |
||
| 270 |
_a2/11, Ground Floor, Ansari Road, Daryaganj, _bNew Delhi _e110002 |
||
| 300 |
_axx,532p. _c24cm(Hb) |
||
| 500 | _aIt includes index | ||
| 700 | _aGanguly, Sumit | ||
| 700 | _a blarel, Nicolas | ||
| 700 | _aManjeet S. Pardesi | ||
| 942 |
_2ddc _cEN _h355.02170954 _mOXF |
||
| 999 |
_c153840 _d153840 |
||